مكتبة جامعة عجلون الوطنية

فهرس بحث المكتبة

سيرة الامام يحيى بن محمد حميد الدين المسماة كتيبة الحكمة من سيرة امام الامة، ج2 (Record no. 29762)

MARC details
000 -LEADER
fixed length control field 00951nam a2200217Ii 4500
003 - CONTROL NUMBER IDENTIFIER
control field JO-AjNU
008 - FIXED-LENGTH DATA ELEMENTS--GENERAL INFORMATION
fixed length control field 230605s9999||||xx |||||||||||||| ||und||
017 ## - COPYRIGHT OR LEGAL DEPOSIT NUMBER
Copyright or legal deposit number 1997/10/1568
040 ## - CATALOGING SOURCE
Original cataloging agency JO-AjNU
Language of cataloging ara
Description conventions rda
Transcribing agency JO-AjNU
041 ## - LANGUAGE CODE
Language code of text/sound track or separate title ara
050 14 - LIBRARY OF CONGRESS CALL NUMBER
Classification number DS247.Y48.M87 1998
100 3# - MAIN ENTRY--PERSONAL NAME
Personal name تأليف مطهر، عبدالكريم بن احمد 1366 هجري - 1947 ميلادي ؛ دراسة وتحقيق محمد عيسى صالحية,
Relator term author
9 (RLIN) 58341
245 00 - TITLE STATEMENT
Title سيرة الامام يحيى بن محمد حميد الدين المسماة كتيبة الحكمة من سيرة امام الامة، ج2
250 ## - EDITION STATEMENT
Edition statement ط1
264 31 - PRODUCTION, PUBLICATION, DISTRIBUTION, MANUFACTURE, AND COPYRIGHT NOTICE
Place of production, publication, distribution, manufacture عمان: دار البشير، 1998
300 ## - PHYSICAL DESCRIPTION
Extent 514ص، ج2
Other physical details يحتوي على وثائق ومصادر من ص 453 -514ص
336 ## - CONTENT TYPE
Content type term text
Content type code txt
Source rdacontent
337 ## - MEDIA TYPE
Media type term unmediated
Media type code n
Source rdamedia
338 ## - CARRIER TYPE
Carrier type term volume
Carrier type code nc
Source rdacarrier
650 #4 - SUBJECT ADDED ENTRY--TOPICAL TERM
Topical term or geographic name entry element اليمن - تاريخ - عصر الائمة
9 (RLIN) 58342
Holdings
Withdrawn status Lost status Source of classification or shelving scheme Damaged status Not for loan Home library Current library Shelving location Date acquired Total Checkouts Full call number Barcode Date last seen Price effective from Koha item type
    Library of Congress Classification     مكتبة جامعة عجلون الوطنية مكتبة جامعة عجلون الوطنية المجموعات العامة 06/06/2023   DS247.Y48.M87 1998 A26194 06/06/2023 06/06/2023 Books